02041cam a2200301 a 450000100100000000500170001000800410002702000150006804000250008308200190010824502380012726000990036530000210046450400730048550400380055850506700059660000690126665100370133565100440137270000370141670000340145370000370148770000350152491000340155904900090159395201220160299900150172400000906920200929161459.0970829s1996 mx 001 e spa d a9681903064 aDO-SdBNPcTFWdBNPHU aA860.44bV831c00aVisiones cortazarianas :bhistoria, política y literatura hacia el fin del milenio /cGabriel García Márquez...[et al] ; prólogo, Carlos Fuentes, cuidado de la edición, Enrique Mercado, Freja I. Cervantes, Guadalupe Tolosa. aMéxico, D. F. :bCatedra lationoamericana Julio Cortázar ;bNuevo siglo ;bAguilar,c1996. a148 p. ;c22 cm. aIncluye referencias bibliográficas y notas al pie de las páginas aIncluye bibliografía (p. 78-81) aPresentación / Raúl Padilla -- Prólogo / Carlos Fuentes -- Lección inaugural / Gabriel García Márquez -- Contradicciones al interior del nuevo orden mundial, una visión cortazariana / César Gaviria -- Julio Cortázar: gran cosmoargentino / Steven Boldy -- Ambigüedad de la identidad, fluctuación de la nación, avatares de lo mexicano a través de los siglos / Jacques Lafaye -- Entre Maastrich y Sarajevo / Pierre Schori -- Soberanía para qué? La evolución histórica de un concepto en México / Lorenzo Meyer -- Mito, historia y ficción / Tomás Eloy Martínez -- La reforma constitucional argentina de 1994 / Raúl Alfonsín.14aCORTÁZAR, JULIOd1914-1984xCRÍTICA E INTERPRETACIÓN92944 4aAmérica LatinaxHistoria91786 4aArgentinaxPolítica Y Gobierno9237111 aFuentes, Carlos,epról.9175561 aMercado, Enrique,eed.9237121 aCervantes, Freja I.,eed.9237131 aTolosa, Guadalupe,eed.923714 aCatalogación por copia / LC aBNGR 001052708MOaGRbGRcHDd2009-09-25iLF1l0oA860.44 V831cp9069-10r2020-06-25w2020-06-25y2ZPréstamo interno c8833d8833